Normal view MARC view
  • Escuelas al aire libre

Entry Materia

Number of records used in: 4

001 - NÚMERO DE CONTROL DEL REGISTRO

  • campo de control: 21821

003 - IDENTIFICADOR DE NUMERO DE CONTROL

  • campo de control: DLC

005 - FECHA Y HORA DE LA ÚLTIMA TRANSACCIÓN

  • campo de control: 20240827121802.0

008 - DATOS DE LONGITUD FIJA

  • campo de control de longitud fija: 240827n||azannbabn n ana |d

010 ## - NÚMERO DE CONTROL DE LA BIBLIOTECA DEL CONGRESO (LC)

  • LC control number: sh 85094872

035 ## - NÚMERO DE CONTROL DEL SISTEMA

  • Número de control del sistema: UPN10000021830

035 ## - NÚMERO DE CONTROL DEL SISTEMA

  • Número de control del sistema: (DLC)sh 85094872

035 ## - NÚMERO DE CONTROL DEL SISTEMA

  • Número de control del sistema: (DLC)91524

040 ## - FUENTE DE LA CATALOGACIÓN

  • Lengua de catalogación: spa
  • Agencia de transcripción: DLC
  • Centro catalogador de origen: DLC
  • Agencia de modificación: DLC
  • Agencia de modificación: MX-MxUPN

053 #0 - NÚMERO CLASIFICADOR - BIBLIOTECA DEL CONGRESO (LC)

  • Elemento numérico de la clasificación - Número único o no. inicial del rango: LB3481
  • Elemento numérico de la clasificación - Número único o no. final del rango: LB3495

150 ## - ENCABEZAMIENTO - TEMÁTICO

  • Término de materia o nombre geográfico como elemento inicial: Escuelas al aire libre

670 ## - FUENTE EN LA QUE SE LOCALIZARON DATOS

  • Cita de la fuente: Autoridades LC, 27 agosto 2024 :
  • Información localizada: (Open-air schools)
  • Identificador Uniforme del Recurso: https://lccn.loc.gov/sh85094872

902 ## - CATALOGADOR

  • Catalogador: MMA/280197
  • Catalogador: MaríaRobles/270824